000 00658nam a2200241Ia 4500
003 OSt
005 20221007074507.0
006 a|||||r|||| 00| 0
007 ta
008 221006b |||||||| |||| 00| 0 eng d
024 _a36,209
037 _cTextual
040 _aFLL
_cFLL
_beng
041 _2eng
_aeng
082 _aZb4, P8;Q1
100 _aYaqin Anwarul
_9301448
245 0 _aLegal research and writing methods (reprint 2011)
250 _a1st
260 _aNagpur
_bLexisNexis Butterworths Wadhwa India
_c2008
300 _axxiiii,281p
_ccm.
942 _hZb4, P8;Q1
_cTEXL
_2CC
999 _c1152570
_d1152570